Quốc hội khóa I (1946) : Kỷ niệm 70 năm Quốc hội đầu tiên nước Việt Nam Dân chủ Cộng hòa
Những câu chuyện về một số đại biểu của dân được bầu vào Quốc hội đầu tiên nước Việt Nam Dân chủ Cộng hoà, những thế hệ trải qua hai mùa kháng chiến và tiếp tục đồng hành trong hoà bình xây dựng, kiến thiết đất nước và bảo vệ...
Đã lưu trong:
| 主要作者: | |
|---|---|
| 格式: | 圖書 |
| 語言: | Undetermined |
| 出版: |
Thành phố Hồ Chí Minh
Tổng hợp Thành phố Hồ Chí Minh
2016
|
| 主題: | |
| 標簽: |
添加標簽
沒有標簽, 成為第一個標記此記錄!
|
| Thư viện lưu trữ: | Trung tâm Học liệu Trường Đại học Cần Thơ |
|---|
| LEADER | 01293nam a2200217Ia 4500 | ||
|---|---|---|---|
| 001 | CTU_210741 | ||
| 008 | 210402s9999 xx 000 0 und d | ||
| 020 | |c 40000 | ||
| 082 | |a 328.597 | ||
| 082 | |b H455/T.2 | ||
| 100 | |a Hà, Minh Hồng | ||
| 245 | 0 | |a Quốc hội khóa I (1946) : | |
| 245 | 0 | |b Kỷ niệm 70 năm Quốc hội đầu tiên nước Việt Nam Dân chủ Cộng hòa | |
| 245 | 0 | |c Hà Minh Hồng, Lưu Văn Quyết (Đồng chủ biên) | |
| 260 | |a Thành phố Hồ Chí Minh | ||
| 260 | |b Tổng hợp Thành phố Hồ Chí Minh | ||
| 260 | |c 2016 | ||
| 520 | |a Những câu chuyện về một số đại biểu của dân được bầu vào Quốc hội đầu tiên nước Việt Nam Dân chủ Cộng hoà, những thế hệ trải qua hai mùa kháng chiến và tiếp tục đồng hành trong hoà bình xây dựng, kiến thiết đất nước và bảo vệ Tổ quốc như: Ngô Tử Hạ, Trần Duy Hưng, Nguyễn Sơn Hà, Cao Triều Phát... | ||
| 650 | |a Cơ quan lập pháp,Legislative bodies | ||
| 904 | |i Võ Tấn Anh,Hải | ||
| 980 | |a Trung tâm Học liệu Trường Đại học Cần Thơ | ||